Morgan Freeman - Jobs - Statistics

General Stats
  • This quiz has been taken 17 times
  • The average score is 6 of 16
Answer Stats
Movie Job % Correct
Driving Miss Daisy Chauffeur
100%
Bruce Almighty God
78%
The Shawshank Redemption Inmate
67%
se7en Police Detective
67%
Amistad Slave
56%
Lucy Professor/Scientist
44%
Glory Sergeant Major
44%
Oblivion Soldier
44%
Deep Impact President of the United States
33%
Invictus President of South Africa
22%
The Bonfire of the Vanities Judge
11%
Street Smart Pimp
11%
Sum of all Fears CIA Director
0%
Dreamcatcher Colonel
0%
Lean on me High School Principal
0%
Olympus Has Fallen Speaker of the House of Representatives
0%
No matching quizzes found
Score Distribution
Percent of People with Each Score
Percentile by Number Answered
Your Score History
You have not taken this quiz